| 000 | 02470 a2200397 4500 | ||
|---|---|---|---|
| 001 | 49331 | ||
| 005 | 20260407155756.0 | ||
| 008 | 260407a2017 arg spa d | ||
| 003 | AR-UNSa-BCEJYS | ||
| 040 |
_aAR-UNSa-BCEJYS _bspa _cAR-UNSa-BCEJYS |
||
| 080 |
_a657 _xContabilidad |
||
| 245 | 1 | 0 |
_aFundamentos de contabilidad superior _pNIIF-IFRS |
| 020 | _a978-987-716-064-2 | ||
| 264 | 1 |
_aBuenos Aires : _bOsmar D. Buyatti _c2017 |
|
| 300 |
_a820 p. _c23 cm. |
||
| 505 | _aSección I: Marco conceptual de la contabilidad: 1. Historia del pensamiento de la contabilidad - 2. Contabilidad: tecnología o técnica. Su status epistemológico - 3. La contabilidad como fuente de información. El lenguaje contable - - Sección II: Reconocimiento, medición y exposición de estados financieros: 4. Componentes del patrimonio neto. Capital accionario y financiación propia - 5. Inversiones permanentes. Conjuntos económicos - 6. Activos intangibles - 7. Existencias - 8. Cuentas por cobrar comerciales. Reconocimiento, medición y análisis de deterioro - 9. Estado de situación patrimonial, estados de resultados, estado de evolución del patrimonio, estados consolidados - - Sección III: Estudio de Casos: 10. Ramas de actividades y su enfoque contable - Contabilidad agropecuaria - Contabilidad de los contratos de construcción - 11. Análisis de estados financieros - 12. La información financiera en contextos inflacionarios - 13. Prácticas contables para instrumentos financieros - - Sección IV: Certificación de calidad: 14. La influencia de la ética y los códigos de conducta empresarial - 15. Buenas prácticas de gobierno - 16. Gobernanza empresarial para las pyme. | ||
| 041 | _aspa | ||
| 942 | _cBK | ||
| 590 | _aniveau_biblio:m niveau_hierar:0 | ||
| 100 | 1 | _aScavone, Graciela María | |
| 700 | 1 | _aViegas, Juan Carlos | |
| 700 | 1 | _aBarbei, Alejandro A. | |
| 700 | 1 | _aMejía Soto, Eutimio | |
| 700 | 1 | _aRodríguez Paredes, Mercedes | |
| 700 | 1 | _aTorres, Carlos | |
| 700 | 1 | _aChiquiar, Walter René | |
| 700 | 1 | _aPatiño, Ruth Alejandra | |
| 700 | 1 | _aVera Colina, Mary A. | |
| 700 | 1 | _aPignatta González, Alfredo | |
| 700 | 1 | _aPérez, Jorge Orlando | |
| 700 | 1 | _aGarcía, Sergio O. | |
| 700 | 1 | _aDelfor Muñoz, Gustavo | |
| 700 | 1 | _aChangmarín Reyes, Carlos Antonio | |
| 700 | 1 | _aMora, Cayetano Angel Víctor | |
| 856 | 4 | 1 |
_uhttps://www.biblioeco.unsa.edu.ar/pmb/images/libros/L127977.jpg _yImagen de portada _qimage/jpeg |
| 999 |
_c4802 _d4802 |
||